| 000 | 00443nam a22001817a 4500 | ||
|---|---|---|---|
| 999 |
_c525607 _d525607 |
||
| 003 | NUST | ||
| 005 | 20190703071702.0 | ||
| 038 | _aFaiza | ||
| 082 |
_a891.423 _bSHA |
||
| 100 |
_aShahid, Hussain _915222 |
||
| 245 |
_aDarakul / _cHussain Shahid |
||
| 260 |
_aLahor: _bAziz Publishers, _c1995. |
||
| 300 | _a324p. ; | ||
| 500 | _aHard Cover | ||
| 880 |
_6100-01\r _aحُسین شاھد |
||
| 880 |
_6245-02\r _a /ڈراکل |
||
| 942 |
_2ddc _cBK |
||